Australian Place Names: Click to Complete #2 - Statistics

General Stats
  • This quiz has been taken 20 times
  • The average score is 15 of 20
Answer Stats
Hint Answer % Correct
Adel aide
100%
Bris bane
100%
Can berra
100%
Mel bourne
100%
Syd ney
100%
Per th
100%
Cai rns
93%
Dar win
93%
Ho bart
87%
Towns ville
87%
New castle
80%
Rock hampton
73%
Al bury
67%
Wollon gong
67%
Too woomba
60%
Laun ceston
53%
Mil dura
47%
Bro ome
47%
Tam worth
47%
Bunda berg
40%
No matching quizzes found
Score Distribution
Percent of People with Each Score
Percentile by Number Answered
Your Score History
You have not taken this quiz